| 000 | 01438nam a2200361 a 4500 | ||
|---|---|---|---|
| 001 | 25645 | ||
| 003 | CO-ViMGA | ||
| 008 | 141112s2004 ck r 000 u spa d | ||
| 020 | _a9789585731325 | ||
| 040 |
_aCO-ViMGA _bspa _cCO-ViMGA |
||
| 041 | _aSPA | ||
| 090 | _aH GAB3 | ||
| 245 | 1 | 0 |
_aGabo : _bmemorias de una vida mágica / _cGuión Óscar Pantoja ; ilustradores Miguel Bustos... [et al.] |
| 250 | _a1a ed. | ||
| 260 |
_aBogotá : _bRey Naranjo, _c2013 |
||
| 300 | _a180 p. : il. col. | ||
| 490 | _aPNK | ||
| 500 | _aIncluye anexo : Las vidas escritas de Gabo. Incluye datos biográficos de los autores. Incluye bibliografía.y García mõrquez en la web. Incluye cronología de Gabriel García Márquez. | ||
| 600 | _aGARCIA MARQUEZ, GABRIEL, 1928 - | ||
| 650 | 1 | 4 |
_aAUTORES COLOMBIANOS - BIOGRAFIAS - NOVELA GRAFICA _97107 |
| 650 | 1 | 4 |
_aAUTORES COLOMBIANOS - SIGLO XX _92054 |
| 650 | 1 | 4 |
_aCOMICS _93629 |
| 650 | 1 | 4 |
_aDESDE LOS 12 AÑOS _92195 |
| 650 | 1 | 4 |
_aILUSTRADORES COLOMBIANOS _94684 |
| 650 | 1 | 4 |
_aNOVELA GRAFICA _94543 |
| 700 | 1 |
_aBustos, Miguel _97108 |
|
| 700 | 1 |
_aCamargo Rojas, Felipe _97109 |
|
| 700 | 1 |
_aCórdoba, Tatiana _97110 |
|
| 700 | 1 |
_aNaranjo Morales, Julián David _97111 |
|
| 700 | 1 |
_aPantoja, Óscar _97112 |
|
| 700 | 1 |
_aPantoja, Óscar, 1971 - Bustos, Miguel, 1973 - Camargo Rojas, Felipe, 1988 - Córdoba, Tatiana Naranjo Morales, Julián David, 1982 - _97113 |
|
| 942 |
_2ddc _cBK |
||
| 999 |
_c5218 _d5218 |
||